Rozšírenie gaštana jedlého (Castanea sativa Mill.) a jeho stanovištné podmienky na Slovensku sborník prác Arboréta Mlyňany 3

Podrobná bibliografia
Hlavný autor: Benčať, František, 1929-2010 (Autor)
Médium: Kniha
Jazyk:slovenčina
Fyzický popis:151 strán, 16 nečíslovaných strán obrazových príloh fotografie, mapy, tabuľky 24 cm
Vydavateľské údaje: Bratislava Vydavateľstvo Slovenskej akadémie vied 1960
Vydanie:Prvé vydanie
Edícia:Biologické práce
Predmet:

MARC

LEADER 00000cam a2200000 a 4500
001 vtls008326158
003 SK-MaSNL
005 20260425233539.0
008 230403s1960 xo obl grn 000 0 slo
015 |a SNBA1961/04-00555 
020 |q (brožované) 
035 |a SK01SNK19610018375 
035 |a urn:nbn:sk:snk-am3i9bf 
035 |a C0AE99F0-47EA-467E-9445-0299D60838DC 
035 |a urn:nbn:sk:snk-am00dy9m 
035 |a SKM000020838 
040 |a SNK  |b slo  |c SNK  |e AACR2 
041 0 |a slo  |b eng  |b ger  |b fre  |b ita  |b rus 
043 |a e-xo--- 
044 |a xo  |c SK 
080 |a 582.632.2  |2 2001 
080 |a (082)  |2 2011 
080 |a (437.6)  |2 2011 
100 1 |a Benčať, František,  |d 1929-2010  |4 aut  |9 101234 
245 1 0 |a Rozšírenie gaštana jedlého (Castanea sativa Mill.) a jeho stanovištné podmienky na Slovensku  |b sborník prác Arboréta Mlyňany 3  |c František Benčať 
246 3 1 |a Rasprostranenie sedobnogo kaštana (Castanea sativa Mill.) i uslovija ego mestonachoždenij v Slovakii 
246 3 1 |a Verbreitung der Edelkastanie (Castanea sativa Mill.) und ihre Standortsbedingungen in der Slovakia 
246 3 1 |a Distribution of chestnut tree (Castanea sativa Mill.) and its stand condition at Slovakia 
246 3 1 |a La réparation du Châtaignier (Castanea sativa Mill.) et ses conditions de station en Slovaquie 
250 |a Prvé vydanie 
260 |a Bratislava  |b Vydavateľstvo Slovenskej akadémie vied  |c 1960  |e Martin  |f Tlačiarne SNP 
300 |a 151 strán, 16 nečíslovaných strán obrazových príloh  |b fotografie, mapy, tabuľky  |c 24 cm 
366 |e 750 kusov 
490 1 |a Biologické práce  |v VI/9 
504 |a Bibliografia na strane 148-151 
546 |a Francúzske, nemecké, ruské a talianské resumé ; súbežný názov v angličtine, francúzštine, nemčine a ruštine 
650 0 7 |a gaštanovník jedlý  |2 SNKPH  |9 182014 
651 7 |a Slovensko  |2 SNKPHgeo  |9 14231 
655 7 |a zborníky  |2 SNKPH  |9 70165 
830 0 |a Biologické práce  |9 276853 
852 |a Slovenská národná knižnica 
954 |a odborná, vedecká literatúra pôvodná (slovenská)  |2 lita 
958 |a OND 
958 |a TL 
958 |a RK 
958 |a ZB 
958 |a NB 
958 |a EUIPO 
999 |c 769040  |d 770970 
952 |a SNK  |b SNK  |y PREZ  |7 0  |p 17A0780614  |o snkSC 7513/6/9  |i snkKSP 2132/61  |0 0  |1 0  |4 0  |d 2012-03-05  |f 1  |l 0  |r 2025-07-04 00:00:00  |w 2026-02-24 
952 |a SNK  |b SNK  |y VYP  |7 0  |p 17A0381327  |o snkSC 7513/6/9 D1  |i snkKSP 2133/61  |3 poškodená väzba zatečením  |0 0  |1 0  |4 0  |d 1996-10-16  |l 0  |r 2005-01-01 00:00:00  |w 2026-02-24